[Event "Sao Paulo Karman Cup 9th"]
[Site "Sao Paulo"]
[Date "2016.08.07"]
[Round "5"]
[White "Tumenas, Douglas"]
[Black "Pires da Silva, Saulo de Tarso"]
[Result "1/2-1/2"]
[WhiteElo "1725"]
[BlackElo "1906"]
[PlyCount "68"]
[EventDate "2016.08.05"]
[EventType "swiss"]
[EventRounds "6"]
[EventCountry "BRA"]
[SourceTitle "CBM 174 Extra"]
[Source "ChessBase"]
[SourceDate "2016.10.10"]
[SourceVersion "1"]
[SourceVersionDate "2016.10.10"]
[SourceQuality "1"]

1. d4 Nf6 2. Nf3 g6 3. Bg5 Bg7 4. e3 c5 5. c3 b6 6. Nbd2 Bb7 7. Be2 0-0 8. 0-0 d6 9. Qb3 Qc7 10. Rfd1 Nbd7 11. a4 a6 12. h3 Rac8 13. Bh4 Rfe8 14. Bg3 e5 15. dxe5 dxe5 16. Nc4 Bd5 17. Rxd5 Nxd5 18. Rd1 Qc6 19. e4 Nf4 20. Bxf4 exf4 21. Nd6 Re6 22. Nxc8 Qxc8 23. Ng5 Re7 24. Nxf7 Rxf7 25. Bc4 Ne5 26. Bxf7+ Nxf7 27. Qxb6 f3 28. g4 Bf8 29. Qf6 Qe8 30. Qxf3 Qxa4 31. Rd5 Be7 32. e5 Ng5 33. Qe3 Ne6 34. Qf3 Ng5 1/2-1/2

[Event "Sao Paulo Karman Cup 9th"]
[Site "Sao Paulo"]
[Date "2016.08.06"]
[Round "3"]
[White "Pires da Silva, Saulo de Tarso"]
[Black "Takano, Nicholas Ryo"]
[Result "1-0"]
[WhiteElo "1906"]
[BlackElo "1653"]
[PlyCount "161"]
[EventDate "2016.08.05"]
[EventType "swiss"]
[EventRounds "6"]
[EventCountry "BRA"]
[SourceTitle "CBM 174 Extra"]
[Source "ChessBase"]
[SourceDate "2016.10.10"]
[SourceVersion "1"]
[SourceVersionDate "2016.10.10"]
[SourceQuality "1"]

1. e4 c5 2. c3 Nf6 3. e5 Nd5 4. d4 cxd4 5. Nf3 e6 6. cxd4 Be7 7. Nc3 d6 8. Bd3 Nc6 9. Nxd5 exd5 10. h3 dxe5 11. dxe5 Be6 12. 0-0 0-0 13. Qe2 Qd7 14. Bd2 h6 15. Rae1 Bf5 16. Bxf5 Qxf5 17. Qb5 Qd7 18. Bc3 Rfe8 19. Rd1 Rad8 20. Rd2 Nxe5 21. Nd4 Nc6 22. Nb3 a6 23. Qb6 Bd6 24. Nc5 Bxc5 25. Qxc5 Qd6 26. Qb6 Rd7 27. Rd3 Red8 28. Rg3 d4 29. Bd2 Ne7 30. Qa5 Ng6 31. Rc1 Nf4 32. Kf1 Re8 33. Rg4 Nd3 34. Rg3 Nxc1 35. Bxc1 Qe5 36. Qd2 d3 37. Re3 Qb8 38. Rg3 Re2 39. Rxg7+ Kf8 40. Qxh6 Re1+ 41. Kxe1 Qe5+ 42. Be3 d2+ 43. Kd1 Qxg7 44. Qxg7+ Kxg7 45. Bxd2 Kg6 46. Ke2 f5 47. g4 Kf6 48. h4 Kg6 49. h5+ Kh7 50. Bc3 Rd5 51. f4 Kh6 52. g5+ Kxh5 53. Ke3 Kg6 54. Bd4 Kf7 55. Kd3 Ke6 56. a4 b5 57. axb5 axb5 58. Kc3 Kd6 59. Bf6 Kc5 60. g6 Rd1 61. g7 Rg1 62. Bg5 Rg3+ 63. Kd2 Rg2+ 64. Ke3 Rxb2 65. g8Q Kb4 66. Be7+ Ka4 67. Qa8+ Kb3 68. Qd5+ Kc2 69. Qd3+ Kc1 70. Ba3 b4 71. Bxb2+ Kxb2 72. Qxf5 b3 73. Qe5+ Ka2 74. f5 b2 75. Qxb2+ Kxb2 76. f6 Kc3 77. f7 Kc4 78. f8Q Kb5 79. Qc8 Kb6 80. Kd4 Kb5 81. Qb7+ 1-0

[Event "Sao Paulo op-A U2300 4th"]
[Site "Sao Paulo"]
[Date "2016.03.27"]
[Round "6"]
[White "Pires da Silva, Saulo de Tarso"]
[Black "Souza, Iago Henrique Da Si"]
[Result "0-1"]
[WhiteElo "1914"]
[BlackElo "2058"]
[PlyCount "98"]
[EventDate "2016.03.24"]
[EventType "swiss"]
[EventRounds "7"]
[EventCountry "BRA"]
[SourceTitle "CBM 171 Extra"]
[Source "ChessBase"]
[SourceDate "2016.04.26"]
[SourceVersion "1"]
[SourceVersionDate "2016.04.26"]
[SourceQuality "1"]

1. d4 Nf6 2. c4 e6 3. Nc3 d5 4. Nf3 Bb4 5. Qc2 0-0 6. e3 Nbd7 7. Bd3 c5 8. a3 dxc4 9. Bxc4 cxd4 10. axb4 dxc3 11. bxc3 Qc7 12. Bb3 b6 13. 0-0 Bb7 14. Bb2 Be4 15. Qe2 Ng4 16. g3 Nge5 17. Ne1 Nf6 18. c4 Rfd8 19. f3 Bb7 20. e4 Nc6 21. Nc2 Nxb4 22. Nxb4 Qc5+ 23. Rf2 Qxb4 24. Qc2 Qc5 25. Qc3 Bc6 26. Kg2 Rd7 27. Ba4 Bxa4 28. Rxa4 Rad8 29. Qc2 Qc6 30. Qb3 a5 31. Bxf6 gxf6 32. Raa2 Rd3 33. Qb2 e5 34. Rc2 Qc5 35. Qc1 Kg7 36. Qg1 Qxg1+ 37. Kxg1 Rxf3 38. Rab2 Rd6 39. Rb5 Re3 40. c5 bxc5 41. Rxa5 Rxe4 42. Raxc5 Red4 43. Kf2 Rd2+ 44. Ke3 Rxc2 45. Rxc2 Kg6 46. g4 f5 47. gxf5+ Kxf5 48. Rf2+ Ke6 49. Rf3 Ra6 0-1

[Event "Sao Paulo op-A U2300 4th"]
[Site "Sao Paulo"]
[Date "2016.03.25"]
[Round "3"]
[White "Caldeira, Adriano"]
[Black "Pires da Silva, Saulo de Tarso"]
[Result "1/2-1/2"]
[WhiteElo "2226"]
[BlackElo "1914"]
[PlyCount "164"]
[EventDate "2016.03.24"]
[EventType "swiss"]
[EventRounds "7"]
[EventCountry "BRA"]
[SourceTitle "CBM 171 Extra"]
[Source "ChessBase"]
[SourceDate "2016.04.26"]
[SourceVersion "1"]
[SourceVersionDate "2016.04.26"]
[SourceQuality "1"]

1. e4 e6 2. d4 d5 3. Nc3 dxe4 4. Nxe4 Be7 5. Nf3 Nf6 6. Bd3 Nbd7 7. 0-0 0-0 8. Bg5 Nxe4 9. Bxe7 Qxe7 10. Bxe4 Nf6 11. Bd3 c5 12. dxc5 Qxc5 13. Qe2 b6 14. c4 Qh5 15. Ne5 Qxe2 16. Bxe2 Bb7 17. Rfd1 Rfd8 18. f3 Kf8 19. Kf2 Ke7 20. b4 Nd7 21. Nd3 Rac8 22. Rac1 Ba6 23. Nb2 Nf6 24. Ke3 e5 25. a4 Rxd1 26. Nxd1 Nd5+ 27. Ke4 Nxb4 28. Kxe5 Rc5+ 29. Kd4 Nc6+ 30. Ke3 Na5 31. Nb2 Nb3 32. Rc2 Re5+ 33. Kf4 Ra5 34. Rc3 Nd4 35. Bd1 Ne6+ 36. Ke3 Re5+ 37. Kd2 Nc5 38. Bc2 Bb7 39. Ra3 Rh5 40. h3 Ne6 41. Nd1 Nd4 42. Bb1 Rg5 43. Ne3 g6 44. Bd3 Ne6 45. Ra2 Bc6 46. Kc3 Kd6 47. Nd1 Nc5 48. h4 Rh5 49. Bc2 Rxh4 50. a5 b5 51. cxb5 Bxb5 52. Ne3 f5 53. Bxf5 Na4+ 54. Kc2 Rd4 55. Bg4 Nc5 56. Ra3 Ra4 57. Rxa4 Bxa4+ 58. Kc3 Nd7 59. Kd4 Bb3 60. f4 Nf6 61. Bf3 Be6 62. g4 Bf7 63. g5 Nd7 64. Nc4+ Bxc4 65. Kxc4 Nf8 66. Bg4 Kc6 67. Kd4 Kd6 68. Bh3 Ne6+ 69. Bxe6 Kxe6 70. Ke4 a6 71. f5+ gxf5+ 72. Kf4 Kf7 73. Kxf5 Kg7 74. Kf4 Kg6 75. Kg4 h6 76. gxh6 Kxh6 77. Kf5 Kg7 78. Ke6 Kf8 79. Kd7 Kf7 80. Kc7 Ke7 81. Kb7 Kd7 82. Kxa6 Kc8 1/2-1/2

[Event "Sao Paulo op-A U2300 4th"]
[Site "Sao Paulo"]
[Date "2016.03.24"]
[Round "1"]
[White "Guimaraes, Wagner Peixoto"]
[Black "Pires da Silva, Saulo de Tarso"]
[Result "1-0"]
[WhiteElo "2162"]
[BlackElo "1914"]
[PlyCount "121"]
[EventDate "2016.03.24"]
[EventType "swiss"]
[EventRounds "7"]
[EventCountry "BRA"]
[SourceTitle "CBM 171 Extra"]
[Source "ChessBase"]
[SourceDate "2016.04.26"]
[SourceVersion "1"]
[SourceVersionDate "2016.04.26"]
[SourceQuality "1"]

1. e4 c5 2. Nf3 Nc6 3. d4 cxd4 4. Nxd4 Nf6 5. Nc3 e5 6. Ndb5 d6 7. Bg5 a6 8. Na3 b5 9. Nd5 Be7 10. Bxf6 Bxf6 11. c3 0-0 12. g3 Bg5 13. Bg2 Ne7 14. Nxe7+ Bxe7 15. Nc2 Bb7 16. Ne3 f5 17. exf5 Bxg2 18. Nxg2 Rxf5 19. Ne3 Rf7 20. 0-0 Qf8 21. Nd5 Bd8 22. a4 bxa4 23. Qxa4 Rb8 24. b4 Bb6 25. Ra2 Ba7 26. Qxa6 Kh8 27. Qe2 Qc8 28. Qe4 Qe6 29. Rfa1 Rbb7 30. Kg2 g5 31. f3 h5 32. Re2 Qh6 33. Ra6 Qe6 34. c4 Kg7 35. c5 Bb8 36. cxd6 Bxd6 37. Ne3 Rbd7 38. Rd2 g4 39. fxg4 hxg4 40. Qxg4+ Qxg4 41. Nxg4 Bxb4 42. Rxd7 Rxd7 43. Nxe5 Rd2+ 44. Kh3 Bc5 45. Rc6 Rd5 46. Rc7+ Kh6 47. Nf3 Bd6 48. Rc4 Rd1 49. Rd4 Rxd4 50. Nxd4 Bc5 51. Ne6 Bg1 52. Kg2 Bb6 53. Kf3 Kh5 54. h4 Ba5 55. Nf4+ Kh6 56. Kg4 Bd2 57. Nd3 Kg6 58. Kf3 Bh6 59. Ke4 Kh5 60. Kf5 Be3 61. Nf4+ 1-0

[Event "Joao Pessoa op 6th"]
[Site "Joao Pessoa"]
[Date "2015.03.14"]
[Round "4"]
[White "Pires da Silva, Saulo de Tarso"]
[Black "Macedo, Maximo Valerio"]
[Result "1/2-1/2"]
[WhiteElo "1927"]
[BlackElo "2105"]
[PlyCount "36"]
[EventDate "2015.03.13"]
[EventType "swiss"]
[EventRounds "6"]
[EventCountry "BRA"]
[SourceTitle "CBM 165 Extra"]
[Source "ChessBase"]
[SourceDate "2015.04.21"]
[SourceVersion "1"]
[SourceVersionDate "2015.04.21"]
[SourceQuality "1"]

1. d4 Nf6 2. c4 d6 3. Nc3 e5 4. d5 g6 5. g3 Bg7 6. Bg2 0-0 7. e3 Nbd7 8. Nge2 a5 9. 0-0 Nc5 10. Qc2 Ne8 11. b3 f6 12. Ba3 Nd7 13. f4 e4 14. Rad1 Nc5 15. Na4 Nxa4 16. bxa4 h6 17. Nd4 Bd7 18. Nb5 Qe7 1/2-1/2

[Event "Joao Pessoa op 6th"]
[Site "Joao Pessoa"]
[Date "2015.03.13"]
[Round "2"]
[White "Albuquerque, Wellington S Jr"]
[Black "Pires da Silva, Saulo de Tarso"]
[Result "1-0"]
[WhiteElo "2108"]
[BlackElo "1927"]
[PlyCount "67"]
[EventDate "2015.03.13"]
[EventType "swiss"]
[EventRounds "6"]
[EventCountry "BRA"]
[SourceTitle "CBM 165 Extra"]
[Source "ChessBase"]
[SourceDate "2015.04.21"]
[SourceVersion "1"]
[SourceVersionDate "2015.04.21"]
[SourceQuality "1"]

1. c4 Nf6 2. g3 c6 3. Bg2 d5 4. Nf3 Bf5 5. cxd5 cxd5 6. Qb3 Qc8 7. Nc3 e6 8. 0-0 Nc6 9. d3 h5 10. Bf4 d4 11. Nb5 Nd5 12. Nfxd4 Nxf4 13. gxf4 Nxd4 14. Nxd4 Qd7 15. Qxb7 Qxb7 16. Bxb7 Rb8 17. Bc6+ Kd8 18. Nxf5 exf5 19. Rab1 Bd6 20. e3 Rb6 21. Rfc1 Ke7 22. Bf3 Rhb8 23. b3 h4 24. Rc4 h3 25. Rbc1 Kd7 26. Kf1 g5 27. fxg5 Bxh2 28. Rh4 Be5 29. Rxh3 f4 30. Bg4+ Kd6 31. d4 Bh8 32. Rh6+ Ke7 33. Rc7+ Kf8 34. Rxh8+ 1-0

[Event "Sao Paulo CXSP Livraria 2nd"]
[Site "Sao Paulo"]
[Date "2014.05.18"]
[Round "5.3"]
[White "Pires da Silva, Saulo de Tarso"]
[Black "Dias, Joao Batista de Sou"]
[Result "0-1"]
[WhiteElo "1971"]
[BlackElo "1889"]
[PlyCount "80"]
[EventDate "2014.05.16"]
[EventType "swiss"]
[EventRounds "5"]
[EventCountry "BRA"]
[SourceTitle "EXT 2022"]
[Source "ChessBase"]
[SourceDate "2021.10.06"]
[SourceVersion "1"]
[SourceVersionDate "2021.10.06"]
[SourceQuality "1"]

1. e4 e5 2. Nf3 Nc6 3. Bb5 Nf6 4. Nc3 d6 5. 0-0 Be7 6. d4 exd4 7. Nxd4 Bd7 8. Nxc6 bxc6 9. Bc4 0-0 10. Re1 Rb8 11. e5 dxe5 12. Rxe5 Bd6 13. Re3 Ng4 14. g3 Nxe3 15. Bxe3 Be5 16. Bc5 Bd6 17. Bxd6 cxd6 18. Qxd6 Be8 19. Qc5 Qb6 20. Qe5 Bd7 21. Qf4 Be6 22. Bb3 Qb4 23. Qe3 Qe7 24. Re1 Rfe8 25. Ba4 Qc7 26. Qc5 Qb6 27. Qxc6 Qxc6 28. Bxc6 Rec8 29. Nd5 Bxd5 30. Bxd5 Rxc2 31. Re7 Rcxb2 32. Rxa7 Rc8 33. a4 h5 34. a5 h4 35. gxh4 Rd8 36. Bc4 Rd4 37. Rc7 Rg4+ 38. Kf1 Rf4 39. Be2 Ra4 40. a6 Ra1+ 0-1

[Event "Sao Paulo CXSP Livraria 2nd"]
[Site "Sao Paulo"]
[Date "2014.05.18"]
[Round "4.3"]
[White "Vieira, Alexandre Letizio"]
[Black "Pires da Silva, Saulo de Tarso"]
[Result "0-1"]
[WhiteElo "1793"]
[BlackElo "1971"]
[PlyCount "98"]
[EventDate "2014.05.16"]
[EventType "swiss"]
[EventRounds "5"]
[EventCountry "BRA"]
[SourceTitle "EXT 2022"]
[Source "ChessBase"]
[SourceDate "2021.10.06"]
[SourceVersion "1"]
[SourceVersionDate "2021.10.06"]
[SourceQuality "1"]

1. e4 e6 2. d4 d5 3. Nc3 dxe4 4. Nxe4 Nf6 5. Nxf6+ Qxf6 6. Nf3 h6 7. Bd3 Bd6 8. Qe2 Nd7 9. 0-0 Qe7 10. c4 c5 11. d5 Nf6 12. Re1 0-0 13. Bd2 Re8 14. Bc2 exd5 15. Qd3 dxc4 16. Qxc4 Be6 17. Qh4 Qf8 18. Bxh6 gxh6 19. Qxf6 Qg7 20. Qxg7+ Kxg7 21. Be4 Rab8 22. Rad1 Bc7 23. b3 b5 24. Rc1 Ba5 25. Re3 Kf6 26. Rc2 Red8 27. h3 Rd1+ 28. Kh2 Bb6 29. Rd3 Rd8 30. Rxd8 Rxd8 31. Rd2 Rxd2 32. Nxd2 c4 33. Bc2 Ke5 34. bxc4 bxc4 35. Nf3+ Kf4 36. Kg1 Bxh3 37. Nd2 Be6 38. Kf1 Bd5 39. g3+ Ke5 40. Ke2 Kd4 41. Nb1 Ba5 42. f3 Bc7 43. g4 Ba5 44. Kf2 c3 45. a4 Bb4 46. Ke2 Bc4+ 47. Kf2 Bd3 48. Nxc3 Bxc3 49. Bd1 Bc2 0-1

[Event "Sao Paulo op-A U2300"]
[Site "Sao Paulo"]
[Date "2014.04.04"]
[Round "2"]
[White "Pires da Silva, Saulo de Tarso"]
[Black "Da Silva, Joao Alberto Goncal"]
[Result "1-0"]
[WhiteElo "1995"]
[BlackElo "1863"]
[PlyCount "96"]
[EventDate "2014.04.03"]
[EventType "swiss"]
[EventRounds "6"]
[EventCountry "BRA"]
[SourceTitle "CBM 159 Extra"]
[Source "ChessBase"]
[SourceDate "2014.04.24"]
[SourceVersion "1"]
[SourceVersionDate "2014.04.24"]
[SourceQuality "1"]

1. e4 e5 2. Nf3 Nc6 3. Bb5 Nge7 4. d4 exd4 5. Nxd4 a6 6. Bc4 d6 7. a4 Nxd4 8. Qxd4 Nc6 9. Qe3 Be7 10. Qg3 Bf6 11. Nc3 Nd4 12. Bd3 Be6 13. 0-0 g5 14. Nd5 h6 15. Nxf6+ Qxf6 16. f4 gxf4 17. Bxf4 Qe7 18. Qe3 Nc6 19. Bxh6 Qh4 20. Bf4 0-0-0 21. Bg3 Qg4 22. Be2 Qg7 23. c3 Rdg8 24. Rf2 Ne5 25. Qd4 Qg5 26. c4 Nc6 27. Qc3 Qc5 28. Rd1 a5 29. Bf4 Rh3 30. g3 Bg4 31. Bxg4+ Rxg4 32. Rd5 Qb6 33. Qf3 Rg8 34. Be3 Qb4 35. Bd2 Qxc4 36. Qf5+ Kb8 37. Qxh3 Qxe4 38. Qf5 Qxa4 39. Qxf7 Rc8 40. Bc3 Qe4 41. Qf5 Qe3 42. Qd3 Qb6 43. Rb5 Qa7 44. Kg2 b6 45. Rf7 Qa6 46. Qd5 Na7 47. Rb3 Re8 48. Kh3 Qe2 1-0

[Event "Sao Paulo op-A U2300"]
[Site "Sao Paulo"]
[Date "2014.04.03"]
[Round "1"]
[White "Caldeira, Adriano"]
[Black "Pires da Silva, Saulo de Tarso"]
[Result "1-0"]
[WhiteElo "2247"]
[BlackElo "1995"]
[PlyCount "145"]
[EventDate "2014.04.03"]
[EventType "swiss"]
[EventRounds "6"]
[EventCountry "BRA"]
[SourceTitle "CBM 159 Extra"]
[Source "ChessBase"]
[SourceDate "2014.04.24"]
[SourceVersion "1"]
[SourceVersionDate "2014.04.24"]
[SourceQuality "1"]

1. e4 c5 2. Nf3 Nc6 3. d4 cxd4 4. Nxd4 Nf6 5. Nc3 e5 6. Ndb5 d6 7. Bg5 a6 8. Bxf6 gxf6 9. Na3 f5 10. Nc4 Be6 11. Ne3 fxe4 12. Nxe4 d5 13. Nxd5 Qa5+ 14. Ndc3 Rd8 15. Bd3 Be7 16. 0-0 Nd4 17. Qh5 Kd7 18. Ng5 Bxg5 19. Qxg5 Nf3+ 20. gxf3 Rhg8 21. Qg3 Rxg3+ 22. hxg3 Rg8 23. Bxh7 Rh8 24. Rfd1+ Ke7 25. Be4 Qb6 26. Nd5+ Bxd5 27. Rxd5 Qh6 28. Rxe5+ Kf8 29. f4 b5 30. Rd1 Qh2+ 31. Kf1 Rh6 32. Rd8+ Kg7 33. Rg5+ Kf6 34. Bg2 Ke7 35. Rdd5 Rh8 36. Rge5+ Kf8 37. Rd8+ Kg7 38. Rg5+ Kf6 39. Rd6+ Ke7 40. Rxa6 Rd8 41. Rd5 Rxd5 42. Bxd5 Qh5 43. Ra7+ Kd6 44. Be4 Qd1+ 45. Kg2 Qd4 46. Ra6+ Ke7 47. Bd3 Qxb2 48. a3 Qd4 49. Ra5 b4 50. axb4 Qxb4 51. Ra7+ Kf8 52. f5 Kg7 53. Ra6 Qd4 54. Kg1 f6 55. Ra5 Kh6 56. Ra8 Qd5 57. Ra4 Qe5 58. Rh4+ Kg7 59. Rg4+ Kf7 60. c4 Qa1+ 61. Bf1 Qe5 62. Rf4 Ke7 63. Bg2 Kd6 64. Bd5 Kc5 65. Kg2 Kd6 66. Kf3 Kc5 67. Kg4 Qc7 68. Re4 Qg7+ 69. Kf3 Qg5 70. g4 Qd2 71. Re6 Qg5 72. Rc6+ Kd4 73. Kg3 1-0

[Event "Sao Paulo CXSP Livraria 1st"]
[Site "Sao Paulo"]
[Date "2014.03.16"]
[Round "5.7"]
[White "Pires da Silva, Saulo de Tarso"]
[Black "Ishida, Leopoldo Tetsuo"]
[Result "1-0"]
[WhiteElo "2024"]
[BlackElo "1405"]
[PlyCount "43"]
[EventDate "2014.03.14"]
[EventType "swiss"]
[EventRounds "5"]
[EventCountry "BRA"]
[SourceTitle "EXT 2022"]
[Source "ChessBase"]
[SourceDate "2021.10.06"]
[SourceVersion "1"]
[SourceVersionDate "2021.10.06"]
[SourceQuality "1"]

1. d4 c6 2. c4 d5 3. Nf3 Nf6 4. cxd5 cxd5 5. Nc3 Nc6 6. g3 Bf5 7. Bg5 e6 8. Qb3 Qd7 9. Rc1 Ne4 10. Bf4 Nxc3 11. bxc3 Na5 12. Qb2 Nc4 13. Qb3 Bd6 14. Bxd6 Nxd6 15. Nd2 0-0 16. Bg2 Rfc8 17. 0-0 Nc4 18. Nxc4 Rxc4 19. e4 Bg6 20. exd5 exd5 21. Rfe1 f6 22. Re7 1-0

[Event "Sao Paulo CXSP Livraria 1st"]
[Site "Sao Paulo"]
[Date "2014.03.15"]
[Round "3.1"]
[White "Pires da Silva, Saulo de Tarso"]
[Black "Sztokbant, Bernardo Vainzoff"]
[Result "0-1"]
[WhiteElo "2024"]
[BlackElo "2239"]
[PlyCount "62"]
[EventDate "2014.03.14"]
[EventType "swiss"]
[EventRounds "5"]
[EventCountry "BRA"]
[SourceTitle "EXT 2022"]
[Source "ChessBase"]
[SourceDate "2021.10.06"]
[SourceVersion "1"]
[SourceVersionDate "2021.10.06"]
[SourceQuality "1"]

1. d4 Nf6 2. Nf3 e6 3. c4 Bb4+ 4. Bd2 Qe7 5. a3 Bxd2+ 6. Qxd2 b6 7. g3 Ba6 8. b3 0-0 9. Nc3 d5 10. Bg2 Nbd7 11. Ne5 Qd6 12. f4 Rac8 13. Nb5 Bxb5 14. cxb5 a6 15. a4 axb5 16. axb5 c5 17. bxc6 Nb8 18. 0-0 Nxc6 19. Rfc1 Na5 20. Qb2 Qb4 21. Rab1 Rxc1+ 22. Rxc1 Qxb3 23. Qxb3 Nxb3 24. Rc3 Nxd4 25. Kf1 b5 26. e3 b4 27. Rc7 Nf5 28. Ke2 Rb8 29. Nc6 Ne8 30. Nxb8 Nxc7 31. Nc6 b3 0-1